[Event "Groningen op 59th"]
[Site "Groningen"]
[Date "2023.12.28"]
[Round "7"]
[White "Smeets, Kobe"]
[Black "Goudriaan, Rafael"]
[Result "1-0"]
[WhiteElo "2239"]
[BlackElo "2039"]
[PlyCount "55"]
[EventDate "2023.12.21"]
[EventType "swiss"]
[EventRounds "9"]
[EventCountry "NED"]
[SourceTitle "CB04_2024"]
[SourceDate "2023.10.16"]
[SourceVersion "1"]
[SourceVersionDate "2023.10.16"]
[SourceQuality "1"]

1. e4 c6 2. d4 d5 3. e5 c5 4. dxc5 e6 5. Nf3 Bxc5 6. a3 Ne7 7. b4 Bb6 8. Bb2 a5 9. Nbd2 axb4 10. axb4 Rxa1 11. Qxa1 0-0 12. Bd3 Na6 13. Qa3 Ng6 14. g3 Qe7 15. Bxa6 bxa6 16. h4 Qa7 17. 0-0 Ne7 18. Nb3 Bd7 19. Bd4 Nf5 20. Bxb6 Qxb6 21. Nc5 Bb5 22. Ra1 h5 23. Qc3 Bc4 24. Nd7 Nxg3 25. Qxc4 Qa7 26. Qd3 Ne4 27. Nc5 Nxc5 28. bxc5 1-0

[Event "Groningen op 59th"]
[Site "Groningen"]
[Date "2023.12.27"]
[Round "6"]
[White "Goudriaan, Rafael"]
[Black "Labruyere, Roger"]
[Result "1/2-1/2"]
[WhiteElo "2039"]
[BlackElo "2208"]
[PlyCount "112"]
[EventDate "2023.12.21"]
[EventType "swiss"]
[EventRounds "9"]
[EventCountry "NED"]
[SourceTitle "CB04_2024"]
[SourceDate "2023.10.16"]
[SourceVersion "1"]
[SourceVersionDate "2023.10.16"]
[SourceQuality "1"]

1. e4 c5 2. Nf3 d6 3. Bb5+ Nd7 4. c4 a6 5. Ba4 e5 6. Nc3 Ngf6 7. d3 Be7 8. h3 0-0 9. Be3 Rb8 10. Qd2 Ne8 11. g4 Nc7 12. Bb3 Re8 13. Nh2 Nf8 14. f4 Bh4+ 15. Kd1 exf4 16. Bxf4 Ng6 17. Be3 Be6 18. Nf3 Bg3 19. Kc2 b5 20. Rag1 Be5 21. h4 bxc4 22. dxc4 Qc8 23. h5 Ne7 24. h6 Ng6 25. Nxe5 Nxe5 26. hxg7 Nxg4 27. Bf4 Qb7 28. Qe2 Bf5 29. Kc1 Nf6 30. Rh6 Nxe4 31. Nxe4 Bxe4 32. Qh2 Bf5 33. Rh1 Qe4 34. Bc2 Qxc2+ 35. Qxc2 Bxc2 36. Kxc2 Ne6 37. Bxd6 Rbc8 38. Rxh7 f6 39. R7h5 Kxg7 40. Rh7+ Kg6 41. R7h6+ Kf7 42. Rh7+ Kg6 43. R7h6+ Kg5 44. R1h5+ Kg4 45. Rh4+ Kf5 46. Rh2 Nd4+ 47. Kd3 Ke6 48. Bxc5 Nf3 49. Re2+ Ne5+ 50. Rxe5+ Kxe5 51. Bd4+ Kd6 52. Rxf6+ Kc7 53. Rxa6 Rg8 54. Ra7+ Kb8 55. Rd7 Rg3+ 56. Kd2 Rxc4 1/2-1/2

[Event "Hoogeveen op 26th"]
[Site "Hoogeveen"]
[Date "2023.10.24"]
[Round "4"]
[White "Goudriaan, Rafael"]
[Black "Kiran, Manisha Mohanty"]
[Result "1/2-1/2"]
[WhiteElo "2153"]
[BlackElo "2034"]
[PlyCount "99"]
[EventDate "2023.10.21"]
[EventType "swiss"]
[EventRounds "9"]
[EventCountry "NED"]
[SourceTitle "Mega2024 Update 01"]
[Source "Chessbase"]
[SourceDate "2023.11.12"]
[SourceVersion "1"]
[SourceVersionDate "2023.11.12"]
[SourceQuality "1"]

1. e4 c5 2. Nf3 d6 3. Bb5+ Nd7 4. a4 Ngf6 5. Nc3 e6 6. 0-0 Be7 7. d4 cxd4 8. Qxd4 0-0 9. Rd1 a6 10. Be2 b6 11. e5 dxe5 12. Nxe5 Qc7 13. Bf4 Bc5 14. Nxd7 Qxd7 15. Qxd7 Bxd7 16. Bf3 Ra7 17. Ne4 Nxe4 18. Bxe4 e5 19. Bd2 a5 20. c3 Be6 21. Be3 Bb3 22. Bxc5 bxc5 23. Rd6 g6 24. Bd5 Rb8 25. g3 Kg7 26. Bxb3 Rxb3 27. Ra2 Rab7 28. Rd5 Rxb2 29. Rxb2 Rxb2 30. Rxc5 e4 31. Rxa5 f5 32. c4 Kf6 33. h4 Rb4 34. c5 Ke5 35. c6+ Kd6 36. Rc5 Kc7 37. a5 Ra4 38. Kf1 Ra2 39. h5 Ra1+ 40. Ke2 Ra2+ 41. Ke3 Ra3+ 42. Kf4 Rf3+ 43. Kg5 Rxf2 44. a6 Ra2 45. hxg6 hxg6 46. Kxg6 Ra3 47. Kxf5 Rxg3 48. Kxe4 Ra3 49. Kd5 Rxa6 50. Ke4 1/2-1/2

[Event "Vlissingen op 25th"]
[Site "Vlissingen"]
[Date "2023.08.10"]
[Round "7"]
[White "Krasenkow, Michal"]
[Black "Goudriaan, Rafael"]
[Result "1-0"]
[WhiteElo "2534"]
[BlackElo "1990"]
[PlyCount "55"]
[EventDate "2023.08.05"]
[EventType "swiss"]
[EventRounds "9"]
[EventCountry "NED"]
[SourceTitle "CBM 215 Extra"]
[Source "ChessBase"]
[SourceDate "2023.09.30"]
[SourceVersion "1"]
[SourceVersionDate "2023.09.30"]
[SourceQuality "1"]

1. Nf3 Nf6 2. c4 g6 3. Nc3 Bg7 4. e4 d6 5. d4 0-0 6. Be2 e5 7. 0-0 Nc6 8. d5 Ne7 9. b4 a5 10. bxa5 Rxa5 11. Nd2 b6 12. Nb3 Ra8 13. a4 Nd7 14. a5 bxa5 15. Nxa5 Rb8 16. Be3 f5 17. f3 f4 18. Bf2 g5 19. Nc6 Nxc6 20. dxc6 Nf6 21. c5 Ne8 22. Bc4+ Kh8 23. Ra7 Rf6 24. Nd5 Rg6 25. cxd6 Qxd6 26. Nxc7 Qxc6 27. Bd5 Qd7 28. Nxe8 1-0

[Event "Vlissingen op 25th"]
[Site "Vlissingen"]
[Date "2023.08.09"]
[Round "6"]
[White "Goudriaan, Rafael"]
[Black "Van Delft, Merijn"]
[Result "1-0"]
[WhiteElo "1990"]
[BlackElo "2360"]
[PlyCount "47"]
[EventDate "2023.08.05"]
[EventType "swiss"]
[EventRounds "9"]
[EventCountry "NED"]
[SourceTitle "CBM 215 Extra"]
[Source "ChessBase"]
[SourceDate "2023.09.30"]
[SourceVersion "1"]
[SourceVersionDate "2023.09.30"]
[SourceQuality "1"]

1. e4 c5 2. Nf3 d6 3. Bb5+ Nd7 4. a4 Ngf6 5. Nc3 e6 6. a5 a6 7. Be2 Be7 8. 0-0 0-0 9. d4 cxd4 10. Nxd4 Qc7 11. f4 Re8 12. Be3 Bf8 13. Nb3 b5 14. axb6 Nxb6 15. Qd4 Nfd7 16. f5 exf5 17. exf5 Nc5 18. Na5 Rb8 19. Bf3 Bxf5 20. Nc6 Rbc8 21. b4 Ncd7 22. Rxa6 d5 23. Nxd5 Nxd5 24. Bxd5 1-0

[Event "Spakenburg FishPartners op"]
[Site "Spakenburg"]
[Date "2023.07.08"]
[Round "2"]
[White "Goudriaan, Rafael"]
[Black "Beerdsen, Thomas"]
[Result "0-1"]
[WhiteElo "1990"]
[BlackElo "2520"]
[PlyCount "104"]
[EventDate "2023.07.08"]
[EventType "swiss (rapid)"]
[EventRounds "7"]
[EventCountry "NED"]
[SourceTitle "CBM 215 Extra"]
[Source "ChessBase"]
[SourceDate "2023.09.30"]
[SourceVersion "1"]
[SourceVersionDate "2023.09.30"]
[SourceQuality "1"]

1. e4 e5 2. Nf3 Nc6 3. Bc4 Nf6 4. Ng5 d5 5. exd5 Na5 6. Bb5+ Bd7 7. Qe2 Be7 8. Bxd7+ Qxd7 9. 0-0 0-0 10. d3 Nxd5 11. Nf3 f6 12. Bd2 Nc6 13. Nc3 Rad8 14. Rfe1 Rfe8 15. Nxd5 Qxd5 16. Qe4 Qf7 17. Qa4 Bc5 18. Be3 Bb6 19. Rad1 Kh8 20. c3 h6 21. d4 e4 22. Nd2 f5 23. Qb3 Qf6 24. Nc4 f4 25. Bc1 f3 26. g3 Qf5 27. Ne3 Qh3 28. Qc4 Ne5 29. Qf1 Qxf1+ 30. Rxf1 Nd3 31. b3 c6 32. Ba3 Ba5 33. b4 Bc7 34. Bc1 a5 35. a3 axb4 36. axb4 Ra8 37. Bd2 Ra2 38. Nc4 b5 39. Ne3 Bb6 40. Nf5 Rc2 41. h4 Bc7 42. h5 Kh7 43. Nh4 Ra8 44. Be3 Rxc3 45. Ra1 Ra4 46. g4 Nxb4 47. Rac1 Rxc1 48. Rxc1 Nd5 49. Nf5 Nxe3 50. Nxe3 Bf4 51. Rxc6 Ra1+ 52. Nf1 e3 0-1

[Event "NED-ch U18"]
[Site "Almelo"]
[Date "2023.05.05"]
[Round "6"]
[White "Goudriaan, Rafael"]
[Black "Groen, Jari"]
[Result "1/2-1/2"]
[WhiteElo "1992"]
[BlackElo "2028"]
[PlyCount "107"]
[EventDate "2023.04.30"]
[EventType "swiss"]
[EventRounds "7"]
[EventCountry "NED"]
[SourceTitle "CBM 214 Extra"]
[Source "ChessBase"]
[SourceDate "2023.07.31"]
[SourceVersion "1"]
[SourceVersionDate "2023.07.31"]
[SourceQuality "1"]

1. e4 c5 2. Nf3 Nc6 3. d4 cxd4 4. Nxd4 Nf6 5. Nc3 e5 6. Ndb5 d6 7. Bg5 a6 8. Na3 b5 9. Nd5 Be7 10. Bxf6 Bxf6 11. c3 Rb8 12. Nc2 Bg5 13. b3 0-0 14. a4 Be6 15. axb5 axb5 16. h4 Bh6 17. g4 Bf4 18. Ra6 Bxd5 19. Qxd5 Ne7 20. Qd3 d5 21. Nb4 dxe4 22. Qxd8 Rfxd8 23. Ra2 Ra8 24. Rxa8 Rxa8 25. Rh3 Ra1+ 26. Ke2 Rb1 27. Bg2 Rb2+ 28. Ke1 e3 29. Nd3 exf2+ 30. Nxf2 Rxb3 31. Rd3 g6 32. Ne4 f5 33. Nf6+ Kg7 34. g5 e4 35. Rd7 Kf7 36. Bf1 Bg3+ 37. Ke2 Bxh4 38. Nxh7 Rxc3 39. Kd2 Rc5 40. Ke3 Ke6 41. Nf8+ Kf7 42. Nh7 Rc3+ 43. Kd4 Rc1 44. Be2 Re1 45. Ke3 f4+ 46. Kd2 Rg1 47. Bxb5 Bxg5 48. Bc4+ Ke8 49. Bb5 Bh4 50. Rd4+ Kf7 51. Rxe4 g5 52. Bc4+ Ke8 53. Nf6+ Kf8 54. Nd7+ 1/2-1/2

[Event "Hoogeveen op 25th"]
[Site "Hoogeveen"]
[Date "2022.10.22"]
[Round "9"]
[White "Van der Hagen, Loek"]
[Black "Goudriaan, Rafael"]
[Result "1-0"]
[WhiteElo "2079"]
[BlackElo "1654"]
[PlyCount "67"]
[EventDate "2022.10.15"]
[EventType "swiss"]
[EventRounds "9"]
[EventCountry "NED"]
[SourceTitle "CBM 210 Extra"]
[Source "ChessBase"]
[SourceDate "2022.11.30"]
[SourceVersion "1"]
[SourceVersionDate "2022.11.30"]
[SourceQuality "1"]

1. d4 d5 2. c4 c6 3. cxd5 cxd5 4. Nf3 Nc6 5. Nc3 Nf6 6. Bf4 e6 7. e3 a6 8. Ne5 Bd6 9. Rc1 0-0 10. Bd3 Qc7 11. 0-0 Bd7 12. Bg3 Rac8 13. f4 b5 14. Qf3 Qd8 15. f5 Be7 16. Ne2 Nxe5 17. dxe5 Ne4 18. Rxc8 Bxc8 19. f6 gxf6 20. exf6 Bxf6 21. Bxe4 dxe4 22. Qxf6 Qxf6 23. Rxf6 Bb7 24. Rf1 Rd8 25. Nd4 Bd5 26. b3 Rc8 27. Be5 Rc3 28. Kf2 b4 29. g4 a5 30. Rb1 Bb7 31. Rb2 Rd3 32. Bc7 Ba6 33. Bxa5 Rd1 34. Bxb4 1-0

[Event "NED-ch U16"]
[Site "Almelo"]
[Date "2021.08.01"]
[Round "1"]
[White "Goudriaan, Rafael"]
[Black "Slagboom, Leandro"]
[Result "0-1"]
[WhiteElo "1677"]
[BlackElo "1996"]
[PlyCount "112"]
[EventDate "2021.08.01"]
[EventType "swiss"]
[EventRounds "7"]
[EventCountry "NED"]
[SourceTitle "EXT 2022"]
[Source "ChessBase"]
[SourceDate "2021.10.06"]
[SourceVersion "1"]
[SourceVersionDate "2021.10.06"]
[SourceQuality "1"]

1. e4 c5 2. Nc3 Nc6 3. f4 g6 4. Nf3 Bg7 5. d3 d6 6. Be2 Nf6 7. 0-0 Bg4 8. h3 Bxf3 9. Bxf3 0-0 10. Be3 Nd4 11. Ne2 Qb6 12. Rb1 e5 13. c3 Nxe2+ 14. Qxe2 Nd7 15. g4 exf4 16. Bxf4 Rfe8 17. Bg2 d5 18. Qf2 d4 19. c4 Be5 20. Bg5 Qe6 21. b4 cxb4 22. Rxb4 b6 23. Rb5 Nc5 24. Qf3 Rab8 25. Rb2 Rb7 26. Rff2 Rd7 27. Bf1 Kg7 28. h4 h6 29. Bd2 Rc7 30. Bh3 Qe7 31. g5 hxg5 32. Bxg5 f6 33. Bd2 Rh8 34. Qg4 Nxd3 35. Rg2 Qe8 36. Rb3 Nc5 37. Rf3 Kf8 38. Bf4 Bxf4 39. Qxf4 Rf7 40. Rxg6 Qe5 41. Rxf6 Qxf6 42. Qxf6 Rxf6 43. Rxf6+ Ke7 44. Rf4 Kd6 45. Bf1 Ke5 46. Rg4 d3 47. Bg2 d2 48. Bf3 Rd8 49. Rg5+ Kf4 50. Bd1 Nxe4 51. Rd5 Rxd5 52. cxd5 Nc3 53. Bb3 Nxd5 54. h5 Kg5 55. Kf2 Nc3 56. h6 Kxh6 0-1